<?xml version="1.0" encoding="UTF-8"?>
<record
    xmlns:xsi="http://www.w3.org/2001/XMLSchema-instance"
    xsi:schemaLocation="http://www.loc.gov/MARC21/slim http://www.loc.gov/standards/marcxml/schema/MARC21slim.xsd"
    xmlns="http://www.loc.gov/MARC21/slim">

  <leader>00648nam a22002177a 4500</leader>
  <controlfield tag="005">20220117110915.0</controlfield>
  <controlfield tag="008">220117b           ||||| |||| 00| 0 eng d</controlfield>
  <datafield tag="020" ind1=" " ind2=" ">
    <subfield code="a">9789354562006</subfield>
  </datafield>
  <datafield tag="040" ind1=" " ind2=" ">
    <subfield code="c">AL</subfield>
  </datafield>
  <datafield tag="041" ind1=" " ind2=" ">
    <subfield code="a">Eng</subfield>
  </datafield>
  <datafield tag="082" ind1=" " ind2=" ">
    <subfield code="2">23</subfield>
    <subfield code="a">006.3</subfield>
    <subfield code="b">BEND</subfield>
  </datafield>
  <datafield tag="100" ind1=" " ind2=" ">
    <subfield code="a">Basavaprasad Benchamardimath </subfield>
    <subfield code="9">13361</subfield>
  </datafield>
  <datafield tag="245" ind1=" " ind2=" ">
    <subfield code="a">Digital Fluency</subfield>
  </datafield>
  <datafield tag="260" ind1=" " ind2=" ">
    <subfield code="a">Bengaluru</subfield>
    <subfield code="b">Sapna Book House</subfield>
    <subfield code="c">2022</subfield>
  </datafield>
  <datafield tag="300" ind1=" " ind2=" ">
    <subfield code="a">x,143 p.</subfield>
    <subfield code="b">PB</subfield>
    <subfield code="c">24.5x18 cm.</subfield>
  </datafield>
  <datafield tag="365" ind1=" " ind2=" ">
    <subfield code="a">5195</subfield>
    <subfield code="b">&#x20B9;112.00</subfield>
    <subfield code="c">&#x20B9;</subfield>
    <subfield code="d">&#x20B9;140.00</subfield>
    <subfield code="e">20%</subfield>
    <subfield code="f">14-01-2022</subfield>
  </datafield>
  <datafield tag="650" ind1=" " ind2=" ">
    <subfield code="a">Digital Fluency</subfield>
    <subfield code="9">13362</subfield>
  </datafield>
  <datafield tag="700" ind1=" " ind2=" ">
    <subfield code="a">BENCHAMARDIMATH (Basavaprasad)</subfield>
    <subfield code="9">13363</subfield>
  </datafield>
  <datafield tag="700" ind1=" " ind2=" ">
    <subfield code="a">BANDAGAR (Sampatkumari M)</subfield>
    <subfield code="9">13364</subfield>
  </datafield>
  <datafield tag="942" ind1=" " ind2=" ">
    <subfield code="2">ddc</subfield>
    <subfield code="c">BK</subfield>
  </datafield>
  <datafield tag="999" ind1=" " ind2=" ">
    <subfield code="c">221199</subfield>
    <subfield code="d">221199</subfield>
  </datafield>
  <datafield tag="952" ind1=" " ind2=" ">
    <subfield code="0">0</subfield>
    <subfield code="1">0</subfield>
    <subfield code="2">ddc</subfield>
    <subfield code="4">0</subfield>
    <subfield code="7">0</subfield>
    <subfield code="8">COM</subfield>
    <subfield code="a">AL</subfield>
    <subfield code="b">AL</subfield>
    <subfield code="d">2022-01-17</subfield>
    <subfield code="e">Biblios Book Point</subfield>
    <subfield code="g">112.00</subfield>
    <subfield code="l">2</subfield>
    <subfield code="o">006.3 BEND</subfield>
    <subfield code="p">075330</subfield>
    <subfield code="r">2024-10-23 00:00:00</subfield>
    <subfield code="s">2024-07-01</subfield>
    <subfield code="v">140.00</subfield>
    <subfield code="w">2022-01-17</subfield>
    <subfield code="y">BK</subfield>
  </datafield>
  <datafield tag="952" ind1=" " ind2=" ">
    <subfield code="0">0</subfield>
    <subfield code="1">0</subfield>
    <subfield code="2">ddc</subfield>
    <subfield code="4">0</subfield>
    <subfield code="7">0</subfield>
    <subfield code="8">COM</subfield>
    <subfield code="a">AL</subfield>
    <subfield code="b">AL</subfield>
    <subfield code="d">2022-01-17</subfield>
    <subfield code="e">Biblios Book Point</subfield>
    <subfield code="g">112.00</subfield>
    <subfield code="l">1</subfield>
    <subfield code="o">006.3 BEND</subfield>
    <subfield code="p">075331</subfield>
    <subfield code="r">2024-04-06 00:00:00</subfield>
    <subfield code="s">2024-03-27</subfield>
    <subfield code="v">140.00</subfield>
    <subfield code="w">2022-01-17</subfield>
    <subfield code="y">BK</subfield>
  </datafield>
  <datafield tag="952" ind1=" " ind2=" ">
    <subfield code="0">0</subfield>
    <subfield code="1">0</subfield>
    <subfield code="2">ddc</subfield>
    <subfield code="4">0</subfield>
    <subfield code="7">0</subfield>
    <subfield code="8">COM</subfield>
    <subfield code="a">AL</subfield>
    <subfield code="b">AL</subfield>
    <subfield code="d">2022-01-17</subfield>
    <subfield code="e">Biblios Book Point</subfield>
    <subfield code="g">112.00</subfield>
    <subfield code="l">3</subfield>
    <subfield code="o">006.3 BEND</subfield>
    <subfield code="p">075332</subfield>
    <subfield code="r">2024-10-23 00:00:00</subfield>
    <subfield code="s">2024-07-01</subfield>
    <subfield code="v">140.00</subfield>
    <subfield code="w">2022-01-17</subfield>
    <subfield code="y">BK</subfield>
  </datafield>
</record>
